Political system of China. (Record no. 84250)

MARC details
000 -LEADER
fixed length control field 00702cam a22002531 4500
001 - CONTROL NUMBER
control field sa 68012019
003 - CONTROL NUMBER IDENTIFIER
control field DLC
005 - DATE AND TIME OF LATEST TRANSACTION
control field 20260227112606.0
008 - FIXED-LENGTH DATA ELEMENTS--GENERAL INFORMATION
fixed length control field 711115s1968 ii b 000 0 eng
010 ## - LIBRARY OF CONGRESS CONTROL NUMBER
LC control number sa 68012019 //r94
025 ## - OVERSEAS ACQUISITION NUMBER
Overseas acquisition number PL480:I-E-11009
040 ## - CATALOGING SOURCE
Original cataloging agency DLC
Transcribing agency DLC
Modifying agency DLC
043 ## - GEOGRAPHIC AREA CODE
Geographic area code a-cc---
050 00 - LIBRARY OF CONGRESS CALL NUMBER
Classification number JQ1508
Item number .S5
082 00 - DEWEY DECIMAL CLASSIFICATION NUMBER
Classification number 320/.0951
100 10 - MAIN ENTRY--PERSONAL NAME
Personal name Sharan, Parmatma,
Dates associated with a name 1916-
245 10 - TITLE STATEMENT
Title Political system of China.
260 0# - PUBLICATION, DISTRIBUTION, ETC.
Place of publication, distribution, etc. Meerut,
Name of publisher, distributor, etc. Meenakshi Prakashan
Date of publication, distribution, etc. [1968]
300 ## - PHYSICAL DESCRIPTION
Extent viii, 247 p.
Dimensions 25 cm.
350 ## - PRICE (NR) (BK AM CF MU VM SE) [OBSOLETE]
Price Rs20
440 #0 - SERIES STATEMENT/ADDED ENTRY--TITLE
Title Modern political systems series
504 ## - BIBLIOGRAPHY, ETC. NOTE
Bibliography, etc. note "Select bibliography": p. [245]
651 #0 - SUBJECT ADDED ENTRY--GEOGRAPHIC NAME
Geographic name China
General subdivision Politics and government
Chronological subdivision 1949-1976.

No items available.

Powered by Koha